Law ethics and communication made easy/ (Record no. 91165)

MARC details
000 -LEADER
fixed length control field 00704nam a22002177a 4500
005 - DATE AND TIME OF LATEST TRANSACTION
control field 20150213124823.0
010 ## - LCCN (DPL NO)
LC control number ENG-112071
020 ## - INTERNATIONAL STANDARD BOOK NUMBER
International Standard Book Number 9789351433736
Terms of availability 595.00
035 ## - SYSTEM CONTROL NUMBER
System control number EN-95603
037 ## - SOURCE OF ACQUISITION
Source of stock number/acquisition DBAD/PUB
082 ## - DEWEY DECIMAL CLASSIFICATION NUMBER
Classification number 340.112
100 ## - MAIN ENTRY--PERSONAL NAME
Personal name Karia, Amit
245 ## - TITLE STATEMENT
Title Law ethics and communication made easy/
Statement of responsibility, etc by Amit Karia [and] Rajiv Singh; edited by Eesha Narang
250 ## - EDITION STATEMENT
Edition statement 4th ed
260 ## - PUBLICATION, DISTRIBUTION, ETC. (IMPRINT)
Place of publication, distribution, etc Gurgaon
Name of publisher, distributor, etc LexisNexis
Date of publication, distribution, etc 2015
270 ## - ADDRESS
Address 14th Floor, Bldg. No.10, Tower-B, DLF Cyber City, Phase-II
City Gurgaon
Postal code 122002
300 ## - PHYSICAL DESCRIPTION
Extent various pagings
Other physical details 28cm(pbk)
505 ## - FORMATTED CONTENTS NOTE
Formatted contents note [for CA-Intermediate (IPC) course]
700 ## - ADDED ENTRY--PERSONAL NAME
Personal name Singh, Rajiv
942 ## - ADDED ENTRY ELEMENTS (KOHA)
Source of classification or shelving scheme Dewey Decimal Classification
Item type English Books
Call number suffix KAR
Classification part 340.112
Holdings
Withdrawn status Lost status Not for loan Collection code Home library Current library Date acquired Source of acquisition Cost, normal purchase price Full call number Barcode Copy number Cost, replacement price Koha item type
    Not For Loan Non-fiction D.B.Act.Division D.B.Act.Division 03/02/2015 DBAD/PUB 595.00 340.112KAR EN-95603 1 595.00 English Books

© Delhi Public Library
Hit Counter
free hit counter